Ivy League Locations Quiz Stats

 Plays Quiz Updated Oct 28, 2018

Score 0/8 Timer 02:00
7 Plays Today
School Location % Correct
Columbia UniversityNew York City, New York
91.5%
Harvard UniversityCambridge, Massachusetts
78.7%
University of PennsylvaniaPhiladelphia, Pennsylvania
77.3%
Princeton UniversityPrinceton, New Jersey
76.1%
Brown UniversityProvidence, Rhode Island
73.4%
Cornell UniversityIthaca, New York
69.3%
Yale UniversityNew Haven, Connecticut
68.6%
Dartmouth CollegeHanover, New Hampshire
34.6%

You're not logged in!

Compare scores with friends on all Sporcle quizzes.
OR
Log In

Sporcle TV

Today on Sporcle TV


Watch our educational content, quiz creation guides, and fun videos on Sporcle TV.

Show Comments

Extras

Top Quizzes Today


Score Distribution

Your Account Isn't Verified!

In order to create a playlist on Sporcle, you need to verify the email address you used during registration. Go to your Sporcle Settings to finish the process.

Report this User

Report this user for behavior that violates our Community Guidelines.

Details: